000 00473nam a2200181Ia 4500
001 15611
005 20260306170209.0
008 260306t2009||||xx |||||||||||||| ||und||
041 _aESP
082 _a551.22985
_bS734
100 _aSeiner Lizárraga, Lizardo
_eAUT
245 0 _aHistoria de los sismos en el Perú:
_bcatálogo: siglos XV - XVII
260 _c2009
300 _a444 páginas :
_c24 cm.
650 _aGEN
654 _aCCN
942 _cLIB
_dJUS
_fJUS
_2ddc
_n
999 _c15611
_d15611